000 00350 a2200169 4500
001 186669
020 _a
040 _cMagnum
100 _aMavrudis, Sula Kyriacos
240 1 0 _aA grande aventura
_lpor
245 1 0 _aA grande aventura
300 _a24
362 0 _a1992
440 1 _aDimensão
697 _aLITERATURA INFANTO
942 _cBK
999 _c186669
_d186669